| 000 | 01165nam a22002777a 4500 | ||
|---|---|---|---|
| 008 | 081125t xxu||||| |||| 00| 0 eng d | ||
| 010 | _aENG-91821 | ||
| 020 |
_a9780415480628 _c695.00 |
||
| 035 | _aEN-75354 | ||
| 037 | _bDBAD / PUB | ||
| 040 |
_adpl _bEnglish |
||
| 082 | _a302.2309540547 | ||
| 100 | _aChattarji, Subarno | ||
| 245 |
_aTracking the media: _cby Subarno Chattarji _binterpretations of mass media discourses in India and Pakistan / |
||
| 260 |
_aNew Delhi _bRoutledge _c2008 |
||
| 270 |
_a912-915, Tolstoy House, 15-17, Tolstoy Marg, _bNew Delhi _e110001 |
||
| 300 |
_axxxiii, 302p. _c23cm (Hb) |
||
| 500 | _aIncludes bibliographical references and index | ||
| 650 |
_2Mass media _xMoral and ethical aspects _zIndia |
||
| 650 |
_2Mass media _xMoral and ethical aspects _zPakistan |
||
| 650 | _2Mass media and war | ||
| 650 | _2Mass media and peace | ||
| 650 | _2Mass media and propaganda | ||
| 942 |
_2ddc _cEN _mCHA _h302.2309540547 |
||
| 999 |
_c19106 _d19106 |
||